000 00898pam a2200289 a 4500
001 600184
003 OSt
005 20140310182253.0
008 911129s1992 nyu j 000 1 eng
010 _a 91046058
020 _a0590474421
_c$12.95 ($16.95 Can.)
040 _aDLC
_cDLC
_dDLC
042 _alcac
050 0 0 _aPZ 7
_b.V874 1994
082 0 0 _aFIC
_bV87o 1992
100 1 _aVoigt, Cynthia.
_918741
245 1 0 _aOrfe /
_cCynthia Voigt.
250 _a1st ed.
260 _aNew York :
_bScholastic Inc,
_cc1994.
300 _a120 p. :
_c18 cm.
650 1 _aRock music
_xFiction.
_920143
650 1 _aDrug abuse
_xFiction.
_920144
906 _a7
_bcbc
_corignew
_d1
_eocip
_f19
_gy-gencatlg
942 _2lcc
_cBK-FIC
999 _c11408
_d11408